000
00337 a2200157 4500
001
153091
040
_c
Escola São Tomás de Aquino
100
_a
AZEVEDO, Guila
240
1
0
_a
Adolescência
_l
por
245
1
0
_a
Adolescência
300
_a
71
362
0
_a
2003
440
1
_a
Scipione
697
_a
*LITERATURA JUVENIL
942
_c
BK
999
_c
153091
_d
153091